Digital logic and computer design / (Record no. 191837)
[ view plain ]
| 000 -LEADER | |
|---|---|
| fixed length control field | 00656nam a2200217Ia 4500 |
| 005 - DATE AND TIME OF LATEST TRANSACTION | |
| control field | 20221118140051.0 |
| 008 - FIXED-LENGTH DATA ELEMENTS--GENERAL INFORMATION | |
| fixed length control field | 210716s1979 xx 000 0 und d |
| 020 ## - INTERNATIONAL STANDARD BOOK NUMBER | |
| International Standard Book Number | 9788177584097 |
| 040 ## - CATALOGING SOURCE | |
| Transcribing agency | AIMIT LIBRARY |
| 041 ## - LANGUAGE CODE | |
| Language code of text/sound track or separate title | eng |
| 082 ## - DEWEY DECIMAL CLASSIFICATION NUMBER | |
| Classification number | 621.392 |
| Edition number | 1 |
| Item number | MANM |
| 100 ## - MAIN ENTRY--PERSONAL NAME | |
| Personal name | Mano, M Morris. |
| 9 (RLIN) | 62640 |
| 245 ## - TITLE STATEMENT | |
| Title | Digital logic and computer design / |
| Statement of responsibility, etc. | By M Morris Mano. |
| 250 ## - EDITION STATEMENT | |
| Edition statement | 1st ed. |
| 260 ## - PUBLICATION, DISTRIBUTION, ETC. | |
| Place of publication, distribution, etc. | New Delhi : |
| Name of publisher, distributor, etc. | PHI Learning Pvt Ltd , |
| Date of publication, distribution, etc. | 1979. |
| 300 ## - PHYSICAL DESCRIPTION | |
| Extent | xii,612p. ; |
| Dimensions | 22.5 cm. |
| 650 ## - SUBJECT ADDED ENTRY--TOPICAL TERM | |
| Topical term or geographic name entry element | Binary systems |
| 9 (RLIN) | 62641 |
| 650 ## - SUBJECT ADDED ENTRY--TOPICAL TERM | |
| Topical term or geographic name entry element | Sequential logic |
| 9 (RLIN) | 62642 |
| 650 ## - SUBJECT ADDED ENTRY--TOPICAL TERM | |
| Topical term or geographic name entry element | Digital integrated circuits |
| 9 (RLIN) | 62643 |
| 942 ## - ADDED ENTRY ELEMENTS (KOHA) | |
| Source of classification or shelving scheme | Dewey Decimal Classification |
| Koha item type | Book |
| Edition | 1st |
| Call number prefix | 621.392 MANM |
| Withdrawn status | Lost status | Source of classification or shelving scheme | Damaged status | Not for loan | Collection code | Home library | Current library | Source of acquisition | Cost, normal purchase price | Inventory number | Total Checkouts | Full call number | Barcode | Date last seen | Cost, replacement price | Price effective from | Koha item type | Date due | Date last checked out |
|---|---|---|---|---|---|---|---|---|---|---|---|---|---|---|---|---|---|---|---|
| Dewey Decimal Classification | MCA | St Aloysius Institute of Management & Information Technology | St Aloysius Institute of Management & Information Technology | Higginbothams Pvt Ltd | 350.00 | Bill no:1798; Bill dt:2011-11-21 | 621.392 MANM | MCA11345 | 07/21/2025 | 262.50 | 07/16/2021 | Book | |||||||
| Dewey Decimal Classification | MCA | St Aloysius Institute of Management & Information Technology | St Aloysius Institute of Management & Information Technology | Higginbothams Pvt Ltd | 350.00 | Bill no:1798; Bill dt:2011-11-21 | 621.392 MANM | MCA11346 | 07/21/2025 | 262.50 | 07/16/2021 | Book | |||||||
| Dewey Decimal Classification | MCA | St Aloysius Institute of Management & Information Technology | St Aloysius Institute of Management & Information Technology | Higginbothams Pvt Ltd | 350.00 | Bill no:1798; Bill dt:2011-11-21 | 2 | 621.392 MANM | MCA11347 | 10/22/2024 | 262.50 | 07/16/2021 | Book | 11/21/2024 | 10/22/2024 | ||||
| Dewey Decimal Classification | MCA | St Aloysius Institute of Management & Information Technology | St Aloysius Institute of Management & Information Technology | Higginbothams Pvt Ltd | 350.00 | Bill no:1798; Bill dt:2011-11-21 | 621.392 MANM | MCA11348 | 07/21/2025 | 262.50 | 07/16/2021 | Book |